top 20 kanye west songs 2026 - Statistics

General Stats
  • This quiz has been taken 6 times
  • The average score is 16 of 20
Answer Stats
Hint Answer % Correct
college dropout All falls down
100%
Yeezus Bound 2
100%
MBDTF Devil in a new dress
100%
808 and heartbreak Heartless
100%
Late registration Hey mama
100%
MBDTF Runaway
100%
Graduation Stronger
100%
MBDTF All of the lights
80%
College dropout Family business
80%
TLOP Father stretch my hands
80%
Graduation Flashing lights
80%
Ye Ghost town
80%
College dropout Jesus walks
80%
TLOP No more parties in LA
80%
TLOP Saint Pablo
80%
Late registration Touch the sky
80%
Yeezus Hold my liquor
60%
Graduation Homecoming
60%
MBDTF Power
60%
Late registration We major.
40%
No matching quizzes found
Score Distribution
Percent of People with Each Score
Percentile by Number Answered
Your Score History
You have not taken this quiz